Quiz - HANDBALL - Statistiques

Statistiques générales
  • Ce quiz a été pris 908 fois
  • Le résultat moyen est 8 sur 11
Statistiques - réponses
QUESTIONS RÉPONSES % Correct
Combien existe-t-il de carton au handball ? 4
97%
Combien de joueurs y a t il par équipe sur le terrain ? 7
97%
Combien y a t-il de poste au handball ? 7
97%
Dans un match professionnel de handball à combien de temps mort a-t-on le droit dans une mi temps ? 2
94%
Dans un match professionnel de handball combien de temps mort y a t il de disponible par équipe ? 3
94%
Quelle est la durée d'un match de handball professionnel ? 60
93%
Qui a gagné l'euro de handball 2024 ? France
87%
Comment s'appelle la faute où le joueur dribble, arrête de dribbler, recommence le dribble ? Reprise de dribble
86%
Quelle est la durée d'une mi temps d'un match professionnel de handball ? 30
85%
Quel est le nom de l'action où un joueur marque un but en ayant sauté avant de tirer ? Tir en suspension
15%
Quelle est la taille d'un terrain de handball ? 40 x 20 m
4%
Aucun quiz correspondant
Distribution des résultats
% des personnes avec chaque résultat
Percentile par nombre de réponses
Votre historique - résultats
Vous n’avez pas pris ce quiz